Normal view
MARC view
- Griffiths, David J.
Entry Personal Name
001 - CONTROL NUMBER
- control field: 4605
003 - CONTROL NUMBER IDENTIFIER
- control field: NUST
005 - DATE AND TIME OF LATEST TRANSACTION
- control field: 20170915105855.0
008 - FIXED-LENGTH DATA ELEMENTS
- fixed length control field: 170915|| aca||aabn | a|a d
040 ## - CATALOGING SOURCE
- Original cataloging agency: NUST
- Transcribing agency: NUST
100 ## - HEADING--PERSONAL NAME
- Personal name: Griffiths, David J.
670 ## - SOURCE DATA FOUND
- Source citation: Work cat.: (NUST)0: Griffiths, David J., Introduction to Electrodynamics, c2017.
